Keď sa dobre mienená úprava regulácie cien elektriny nepodarí

Energetická kríza s dopadom na ceny elektriny zasiahla v roku 2022 všetky štáty v EÚ, pričom každá krajina sa rozhodla s ňou vysporiadať vlastnou kombináciou opatrení. Tie mali ochrániť konečných spotrebiteľov pred dynamickým vývojom odohrávajúcim sa na trhu. Slovensko sa nakoniec podujalo zastrešiť...

Full description

Saved in:
Bibliographic Details
Main Author: Hudcovský, Martin, 1988-
Format: Book Chapter
Language:Slovak
Subjects:
Tags: Add Tag
No Tags, Be the first to tag this record!

MARC

LEADER 00000naa a2200000 4500
001 0295391
005 20240502074506.0
041 0 |a slo 
044 |a SK 
245 1 0 |a Keď sa dobre mienená úprava regulácie cien elektriny nepodarí  |c Martin Hudcovský 
520 |a Energetická kríza s dopadom na ceny elektriny zasiahla v roku 2022 všetky štáty v EÚ, pričom každá krajina sa rozhodla s ňou vysporiadať vlastnou kombináciou opatrení. Tie mali ochrániť konečných spotrebiteľov pred dynamickým vývojom odohrávajúcim sa na trhu. Slovensko sa nakoniec podujalo zastrešiť ceny elektriny plošne pre všetky domácnosti vyhlásením všeobecného hospodárskeho záujmu, avšak malý a zraniteľný odberatelia zostali na začiatku roku 2023 nemilo prekvapený výškou zálohových faktúr za elektrinu, ktorú potom narýchlo musel riešiť až štát. Predostierame tu zaujímavý príbeh o tom, ako sa dobre mienená úprava regulácie nakoniec otočila proti jej tvorcom. 
610 2 0 |a kríza energetická 
610 2 0 |a elektrina 
610 2 0 |a regulácia cenová 
610 2 0 |a spotrebitelia 
610 2 0 |a domácnosti 
610 2 0 |a odberatelia 
610 2 0 |a faktúry 
610 2 0 |a Slovensko 
100 1 |a Hudcovský, Martin, 1988-